000 01435nam a2200337 a 4500
003 DO-SdBNP
005 20180314141427.0
008 091125s 2009 dr a 000 0 spa d
020 _a9789945171983
040 _aBPMSU
_bspa
_cBPMSU
082 4 _a373.54
_bQ6e, 3ro. 2009
245 0 0 _aQuímica 3:
_beducación media /
_ccolaboración Horacio Arredondo ... [et al.] ; direccion editorial Luis Miguel Aguas Vanin ; ilustración Henry Cid ... [et al.].
260 _aSanto Domingo :
_bSM,
_c2009
300 _a159 p. :
_bil. ;
_c29 cm.
490 1 _aProyecto saber más
505 0 _tHidrógeno y oxígeno --
_tEl agua --
_tSistemas materiales y aplicaciones --
_tElementos del bloque s --
_tElementos del bloque p --
_tElementos del bloque d --
_tElementos del bloque f --
_tDiccionario científico --
_tTabla periódica.
650 4 _aQUÍMICA
_xENSEÑANZA SECUNDARIA
650 4 _aQUÍMICA
_xEDUCACIÓN SECUNDARIA
650 4 _aEDUCACIÓN SECUNDARIA
_zREPÚBLICA DOMINICANA
650 4 _aQUÍMICA
_xLIBROS DE TEXTOS
650 4 _aQUÍMICA
_xESTUDIOS Y EJERCICIOS
700 1 _aArredondo, Horacio
700 1 2 _aAguas Vanin, Luis Miguel,
_edir.
700 1 2 _aCid, Henry,
_eil.
700 1 _aRogero Soler, Anna
_eed.
830 0 _aProyecto saber más
910 _a Validado. Control de calidad MFF
942 _2ddc
_cBK
945 _aRemanejado para la BNPHU / 2018 LP
956 _aLOPEREZ
_b10
_c20180314
_hBPMSU
999 _c13354
_d13354